| 000 | 00470nac a22001331u 4500 | ||
|---|---|---|---|
| 008 | 080914s2002 xxu||||| |||| 00| 0 ara d | ||
| 020 | _a9770908010 | ||
| 082 |
_a320.956 _bف ق ى |
||
| 245 |
_aالرهان علي الحصان / _cمصطفي الفقى |
||
| 260 |
_aالقاهرة : _bدار الشروق ،2002 _c2002. |
||
| 300 |
_a319 ص ؛ _c25 سم . |
||
| 651 |
_913700 _aالعالم العربي _xالأحوال السياسية |
||
| 942 |
_cBB _k320.956 ف ق ى _2ddc |
||
| 999 |
_c3754 _d3754 |
||